000 00443nam a22001817a 4500
003 MPLRDC
005 20220104145743.0
008 210129b ||||| |||| 00| 0 eng d
082 _a719.4 ZJD-2
100 _a郑皆得
245 _a欧游寄雁
_c
250 _a初版
260 _a
_b南洋出版有限公司
_c1953
300 _b
490 _a南洋商报丛书第廿三种
650 _a世界游记
942 _cBK
_o719.4 ZJD-2
999 _c51498
_d51488